Guess The Country By Emojis (Pt. 2) - Statistics

General Stats
  • This quiz has been taken 241 times
  • The average score is 5 of 12
Answer Stats
Emojis Answer % Correct
๐Ÿ‘๏ธ + ๐Ÿƒ Iran
89%
Qa + ๐ŸŽธ - Gui Qatar
75%
๐ŸŒถ๏ธ - I + E Chile
72%
Fr + ๐Ÿ’ƒ๐Ÿป - D France
68%
๐Ÿค” + A (Where is the hand pointing) China
44%
๐Ÿฅซ + โž• + A Canada
40%
๐Ÿ‘ฃ - T + G Fiji
38%
๐Ÿ˜ฒ + ๐Ÿ‘จ Oman
32%
๐Ÿƒ + A Russia
24%
๐Ÿ‘‡ + ๐ŸŒ South Africa
24%
๐Ÿ’ฅ + ๐Ÿ‡ณ๐Ÿ‡ฟ - New Zea - Nd + ๐Ÿ˜ต - Ad + ๐Ÿคซ Bangladesh
19%
๐Ÿ™Ž - S Syria
5%
No matching quizzes found
Score Distribution
Percent of People with Each Score
Percentile by Number Answered
Your Score History
You have not taken this quiz